Statistics for Landkreise Thüringen

Click here to take the quiz!

General Stats

  • This quiz has been taken 195 times
  • The average score is 13 of 23

Answer Stats

Answer% Correct
Kreisfreie StadtErfurt
90%
Kreisfreie StadtJena
82%
Kreisfreie StadtGera
79%
Kreisfreie StadtWeimar
79%
LandkreisWeimar Land
79%
Kreisfreie StadtEisenach
72%
Kreisfreie StadtSuhl
65%
LandkreisGotha
64%
LandkreisNordhausen
64%
LandkreisIlm-Kreis
58%
LandkreisSchmalkalden-Meiningen
52%
LandkreisSaale-Orla-Kreis
51%
LandkreisGreiz
50%
LandkreisKyffhäuserkreis
49%
LandkreisSaale-Holzland-Kreis
49%
LandkreisAltenburger Land
47%
LandkreisSömmerda
47%
LandkreisEichsfeld
46%
LandkreisSonneberg
46%
LandkreisWartburgkreis
44%
LandkreisUnstrut-Hainich-Kreis
42%
LandkreisHildburghausen
41%
LandkreisSaalfeld-Rudolstadt
33%

Score Distribution

Percentile by Number Answered

Percent of People with Each Score

Your Score History

You have not taken this quiz